Mezőtúr a forradalmak idején

Elmentve itt :
Bibliográfiai részletek
Szerző: Lévai Róbert Sándor
További közreműködők: Sipos József (Témavezető)
Dokumentumtípus: Szakdolgozat
Megjelent: 2005
Tárgyszavak:
Online Access:http://diploma.bibl.u-szeged.hu/124899
LEADER 00746nta a2200193 i 4500
001 dipl124899
005 20220427073549.0
008 220427s2005 hu om 0|| zxx d
040 |a SZTE Diploma Repozitórium  |b hun 
041 |a zxx 
100 1 |a Lévai Róbert Sándor 
245 1 0 |a Mezőtúr a forradalmak idején  |h [elektronikus dokumentum] /  |c Róbert Sándor Lévai 
260 |c 2005 
650 4 |a Bölcsészettudományok 
650 4 |a Humanities 
650 4 |a History and archaeology 
700 1 |a Sipos József  |e ths 
856 4 0 |u http://diploma.bibl.u-szeged.hu/id/eprint/124899/1/2005_levai_robert_sandor.pdf  |z Dokumentum-elérés  
856 4 0 |u http://diploma.bibl.u-szeged.hu/id/eprint/124899/2/2005_levai_robert_sandor_biralat.pdf  |z Dokumentum-elérés